<?xml version="1.0" encoding="UTF-8"?>
<record
    xmlns:xsi="http://www.w3.org/2001/XMLSchema-instance"
    xsi:schemaLocation="http://www.loc.gov/MARC21/slim http://www.loc.gov/standards/marcxml/schema/MARC21slim.xsd"
    xmlns="http://www.loc.gov/MARC21/slim">

  <leader>01315nab a2200217 i 4500</leader>
  <controlfield tag="001">BPP</controlfield>
  <controlfield tag="003">BPK</controlfield>
  <controlfield tag="005">20150323131039.0</controlfield>
  <controlfield tag="008">150323s1989    pl  |  |     |000 ||pol</controlfield>
  <datafield tag="040" ind1=" " ind2=" ">
    <subfield code="c">BPK</subfield>
  </datafield>
  <datafield tag="080" ind1=" " ind2=" ">
    <subfield code="a">624.014</subfield>
  </datafield>
  <datafield tag="100" ind1=" " ind2=" ">
    <subfield code="a">PA&#x141;KOWSKI, Szymon.</subfield>
    <subfield code="d">1970 - 1996.</subfield>
    <subfield code="b">Wy&#x17C;sza Szko&#x142;a In&#x17C;ynierska w Koszalinie - Wydzia&#x142; In&#x17C;ynierii L&#x105;dowej i Sanitarnej,</subfield>
    <subfield code="c">Zak&#x142;ad Konstrukcji Metalowych</subfield>
  </datafield>
  <datafield tag="245" ind1=" " ind2=" ">
    <subfield code="a">Obliczanie siatek ci&#x119;gnowych metod&#x105; kolejnego r&#xF3;wnowa&#x17C;enia w&#x119;z&#x142;&#xF3;w /</subfield>
    <subfield code="c">Szymon Pa&#x142;kowski, Monika Koz&#x142;owska.</subfield>
  </datafield>
  <datafield tag="260" ind1=" " ind2=" ">
    <subfield code="c">1989.</subfield>
  </datafield>
  <datafield tag="500" ind1=" " ind2=" ">
    <subfield code="a">Dane z autopsji.</subfield>
  </datafield>
  <datafield tag="520" ind1=" " ind2=" ">
    <subfield code="a">Przedstawiona metoda analizy siatek ci&#x119;gnowych cechuje si&#x119; prostym algorytmem oblicze&#x144;, polegaj&#x105;cym na wielokrotnym rozwi&#x105;zywaniu jedynie trzech liniowych r&#xF3;wna&#x144; r&#xF3;wnowagi pojedynczego w&#x119;z&#x142;a siatki. Metoda ta ma wi&#x119;c pewne cechy wsp&#xF3;lne z dobrze znan&#x105; metod&#x105; Crossa. Rozwi&#x105;zano dwa przyk&#x142;ady liczbowe ilustruj&#x105;ce mo&#x17C;liwo&#x15B;&#x107; praktycznego zastosowania proponowanej metody.</subfield>
  </datafield>
  <datafield tag="650" ind1=" " ind2="0">
    <subfield code="a">Konstrukcje metalowe.</subfield>
  </datafield>
  <datafield tag="700" ind1=" " ind2=" ">
    <subfield code="a">KOZ&#x141;OWSKA-ROSI&#x143;SKA, Monika.</subfield>
    <subfield code="d">1987 - 1998.</subfield>
    <subfield code="b">Wy&#x17C;sza Szko&#x142;a In&#x17C;ynierska w Koszalinie - Wydzia&#x142; In&#x17C;ynierii L&#x105;dowej i Sanitarnej,</subfield>
    <subfield code="c">Zak&#x142;ad Konstrukcji Metalowych</subfield>
  </datafield>
  <datafield tag="773" ind1=" " ind2=" ">
    <subfield code="i">W :</subfield>
    <subfield code="t">Archiwum In&#x17C;ynierii L&#x105;dowej. -</subfield>
    <subfield code="g">T. 35, 1989, nr 1, s. 3-13</subfield>
  </datafield>
  <datafield tag="942" ind1=" " ind2=" ">
    <subfield code="c">ART</subfield>
    <subfield code="2">UKD</subfield>
  </datafield>
  <datafield tag="999" ind1=" " ind2=" ">
    <subfield code="c">3095</subfield>
    <subfield code="d">3095</subfield>
  </datafield>
  <datafield tag="952" ind1=" " ind2=" ">
    <subfield code="0">0</subfield>
    <subfield code="1">0</subfield>
    <subfield code="4">0</subfield>
    <subfield code="7">0</subfield>
    <subfield code="a">BPK</subfield>
    <subfield code="b">BPK</subfield>
    <subfield code="o">09</subfield>
    <subfield code="y">ART</subfield>
  </datafield>
</record>
